| 000 | 003600000a22001210004500 | ||
|---|---|---|---|
| 090 |
_aAR _b04732 |
||
| 100 | 1 |
_aPollock, Gregory B. _998724 |
|
| 700 | 1 |
_aRissing, Steven W. _998723 |
|
| 245 | 1 | 0 | _aMating season and colony foundation of the seed-harvester ant, veromessor pergandei |
| 041 | 0 | _aInglés | |
| 942 | _cARTICULO | ||
| 773 | 1 |
_tPsyche _h1 _q125-134 _d1985 _g92 |
|
| 999 |
_c13832 _d13832 |
||